Le livre français et ses lecteurs italiens : De l'achèvement de l'unité à la montée du fascisme (notice n° 1568428)
[ vue normale ]
| 000 -LEADER | |
|---|---|
| fixed length control field | 01685cam a2200145 4500500 |
| 005 - DATE AND TIME OF LATEST TRANSACTION | |
| control field | 20251214004317.0 |
| 041 ## - LANGUAGE CODE | |
| Language code of text/sound track or separate title | fre |
| 042 ## - AUTHENTICATION CODE | |
| Authentication code | dc |
| 100 10 - MAIN ENTRY--PERSONAL NAME | |
| Personal name | Müller, Raphaël |
| Relator term | author |
| 245 00 - TITLE STATEMENT | |
| Title | Le livre français et ses lecteurs italiens : De l'achèvement de l'unité à la montée du fascisme |
| 260 ## - PUBLICATION, DISTRIBUTION, ETC. | |
| Name of publisher, distributor, etc. | Armand Colin,<br/> |
| Date of publication, distribution, etc. | 2013.<br/> |
| 520 ## - SUMMARY, ETC. | |
| Summary, etc. | Des années 1880 jusqu’à l’avènement du fascisme, le livre français remporte un immense succès dans l’Italie récemment unifiée. Lus en langue originale ou en traduction, les livres venus de France sont l’objet de toutes les attentions : du monde académique jusqu’aux publics populaires, en passant par la bourgeoisie cultivée et francophone, c’est l’ensemble des lecteurs italiens qui regardent de l’autre côté des Alpes. Mais si le succès est général, force est de constater que les pratiques de lecture sont fortement diversifiées. De Rome à Venise, en passant par Florence et bien sûr par Milan qui s’affirme comme capitale éditoriale et plaque tournante de l’importation littéraire, cet ouvrage retrace l’engouement italien pour les livres venus de France. Il s’interroge aussi sur l’émergence des concurrences allemandes et anglo-saxonnes et précise l’impact des lectures françaises des Italiens sur les relations entre les deux « sœurs latines ». En définitive ce livre tente de saisir les notes du parfum de France qui flottait sur l’Italie à la fin du XIXe siècle et au début du XXe siècle. |
| 700 10 - ADDED ENTRY--PERSONAL NAME | |
| Personal name | Muller, Raphaël |
| Relator term | author |
| 856 41 - ELECTRONIC LOCATION AND ACCESS | |
| Uniform Resource Identifier | <a href="https://shs.cairn.info/le-livre-francais-et-ses-lecteurs-italiens--9782200287702?lang=fr&redirect-ssocas=7080">https://shs.cairn.info/le-livre-francais-et-ses-lecteurs-italiens--9782200287702?lang=fr&redirect-ssocas=7080</a> |
Pas d'exemplaire disponible.




Réseaux sociaux